Súťaživý duch na pracovisku

Súťaž na pracovisku je prirodzený jav. Podporovanie súťaže na pracovisku môže byť zdravé a produktívne - ako pre firmu, tak aj pre zamestnancov. Súťaž zvyšuje motiváciu. Súťaž a medziľudské vzťahy. Výhody a nevýhody súťaže.

Saved in:
Bibliographic Details
Main Author: Jarošová, Jana
Format: Book Chapter
Language:Slovak
Subjects:
Tags: Add Tag
No Tags, Be the first to tag this record!

MARC

LEADER 00000naa a2200000 4500
001 0163791
005 20231120133839.1
041 0 |a slo 
044 |a SK 
245 1 0 |a Súťaživý duch na pracovisku  |c Jana Jarošová 
520 |a Súťaž na pracovisku je prirodzený jav. Podporovanie súťaže na pracovisku môže byť zdravé a produktívne - ako pre firmu, tak aj pre zamestnancov. Súťaž zvyšuje motiváciu. Súťaž a medziľudské vzťahy. Výhody a nevýhody súťaže. 
610 2 0 |a podnik 
610 2 0 |a pracovisko 
610 2 0 |a súťaže 
610 2 0 |a vzťahy medziľudské 
610 2 0 |a vzťahy pracovné 
100 1 |a Jarošová, Jana